Statistics for Guess the American president

Click here to take the quiz!

General Stats

  • This quiz has been taken 38 times
  • The average score is 13 of 14

Answer Stats

Hint President % Correct
First non-white presidentBarack Obama
100%
Current presidentDonald Trump
100%
WatergateRichard Nixon
97%
Cuban missile crisisJohn F. Kennedy
97%
9/ 11George Bush
97%
He cut down a cherry treeGeorge Washington
94%
First US president in WW2Franklin D. Roosevelt
94%
Also known as "Teddy"Theodore Roosevelt
94%
First assasinated US presidentAbraham Lincoln
92%
Wrote the Declaration of IndependenceThomas Jefferson
92%
Second US president in WW2Harry Truman
89%
Shares his last name with a famous catJames A. Garfield
86%
President in WW1Woodrow Wilson
83%
Peanut farmerJimmy Carter
81%

Score Distribution

Percentile by Number Answered

Percent of People with Each Score

Your Score History

You have not taken this quiz